00281nam a2200121Ia 4500008004100000041000800041082001200049100001800061245001400079260003500093300002400128365000700152240624s9999 xx 000 0 und d aeng a823 ROT aROTH VERONICA aDIVERGENT c2013aNew DelhibHarperCollins a487 : p. : cm. ; 19 cRS